| 000 | 00000nam##2200000za#4500 |
| 001 | 9.625894 |
| 003 | CaOODSP |
| 005 | 20200421163424 |
| 007 | ta |
| 008 | 150406|2001||||xxc||||| f|0| 0 fre|d |
| 020 | |a0-662-86802-1 |
| 040 | |aCaOODSP|bfre |
| 043 | |an-cn--- |
| 086 | 1 |aNH18-23/96F |
| 110 | 2 |aSociété canadienne d'hypothèques et de logement. |
| 245 | 10|aL'évolution de l'habitation dans les villes champignons à industrie unique |
| 260 | |aOttawa - Ontario : |bSociété canadienne d'hypothèques et de logement |c2001. |
| 300 | |a3p. ; |c28 cm. |
| 490 | 1 |aLe point en recherche. Série socio-économique |v96 |
| 563 | |aDépliant |
| 590 | |a02-08|b2002-02-22 |
| 691 | 07|aLogement|2gcpds |
| 691 | 07|aMarché du travail|2gcpds |
| 775 | 08|tHousing transition in single industry 'instant towns' |w(CaOODSP)9.615914 |
| 776 | 0#|tL'évolution de l'habitation dans les villes champignons à industrie unique |w(CaOODSP)9.602203 |
| 830 | #0|aLe point en recherche. Série socio-économique ;|v96|w(CaOODSP)9.513180 |
| 986 | |a62768 |